TV Channels - Statistics

General Stats
  • This quiz has been taken 55 times
  • The average score is 8 of 25
Answer Stats
TV Show Channel % Correct
The Big Bang Theory CBS
81%
The Middle ABC
79%
The Simpsons Fox
79%
Sportscenter ESPN
52%
Teen Mom MTV
50%
NOVA PBS
50%
Fish Hooks Disney
48%
The Walking Dead AMC
45%
Sons of Anarchy FX
43%
Adventure Time Cartoon Network
38%
Duck Dynasty A&E
36%
American Pickers History
31%
Here Comes Honey Boo Boo TLC
31%
It's Always Sunny In Philadelphia FXX
29%
WWE Raw USA
29%
The Flash CW
24%
Pit bulls and Paroles Animal Planet
21%
Top Gear BBC America
14%
The Five Fox News
14%
Basketball Wives VH1
14%
Walker Texas Ranger WGN
12%
Shark Tank Syfy
10%
Tornado Alley The Weather Channel
10%
Keeping Up With The Kardashians E! Entertainment
5%
Life Below Zero National Geographic Channel
5%
No matching quizzes found
Score Distribution
Percent of People with Each Score
Percentile by Number Answered
Your Score History
You have not taken this quiz